RFLP analysis of symmetric somatic hybrids between Solanum tubersum and irradiated S.brevidens (Record no. 66999)

MARC details
000 -LEADER
fixed length control field 00517nam a2200181Ia 4500
100 ## - MAIN ENTRY--AUTHOR NAME
Personal name Xu Y S
245 #0 - TITLE STATEMENT
Title RFLP analysis of symmetric somatic hybrids between Solanum tubersum and irradiated S.brevidens
260 ## - PUBLICATION, DISTRIBUTION, ETC. (IMPRINT)
Name of publisher Theoretical and Applied Genetics
Year of publication 1993
300 ## - PHYSICAL DESCRIPTION
Number of Pages 754-760
650 ## - SUBJECT ADDED ENTRY--TOPICAL TERM
Topical Term Potato
650 ## - SUBJECT ADDED ENTRY--TOPICAL TERM
Topical Term Protoplast fusion
650 ## - SUBJECT ADDED ENTRY--TOPICAL TERM
Topical Term RFLP
650 ## - SUBJECT ADDED ENTRY--TOPICAL TERM
Topical Term Solanum brevidens
650 ## - SUBJECT ADDED ENTRY--TOPICAL TERM
Topical Term Symmetric somatic hybrids
700 ## - ADDED ENTRY--PERSONAL NAME
Personal name Pehu E
942 ## - ADDED ENTRY ELEMENTS (KOHA)
Koha item type Journals
Holdings
Withdrawn status Lost status Damaged status Not for loan Home library Current library Shelving location Date acquired Serial Enumeration / chronology Koha item type
      Journals RRII Library RRII Library Biotechnology 17/12/2021 Volume 86, Issue 6 Journals